| 000 | 00349nam a22001457a 4500 | ||
|---|---|---|---|
| 003 | OSt | ||
| 005 | 20160727222416.0 | ||
| 008 | 160625b xxu||||| |||| 00| 0 eng d | ||
| 040 | _cTEST | ||
| 100 |
_91140 _aDutta, A.K |
||
| 245 | _aThe Kaziranga Trail | ||
| 260 |
_aNEW DELHI _bCHILDREN'S BOOKS _c1979 |
||
| 300 | _aThe Kaziranga Trail | ||
| 942 |
_2ddc _cBK |
||
| 999 |
_c922 _d922 |
||